El principio de equivalencia en el sistema tributario espaǫl

Bibliographic Details
Main Author: Martn̕ez Sǹchez, Cšar
Format: eBook
Language:Spanish
Published: Madrid: Marcial Pons, 2014
Subjects:
Online Access:Acceso restringido

MARC

LEADER 00000nam a22000007a 4500
005 20180227210823.0
007 cr|||| ||||
008 180227s2014 es |||||s|||| 00||0 spa d
020 |a 978-84-91233-12-1 
035 |a 20982 
040 |a vLex 
090 |c 7419  |d 7419 
100 1 |a Martn̕ez Sǹchez, Cšar 
245 1 2 |a El principio de equivalencia en el sistema tributario espaǫl  |h [Recurso electrn̤ico] /  |c Cšar Martn̕ez Sǹchez 
256 |a Servicio en ln̕ea 
260 |a Madrid:  |b Marcial Pons,  |c 2014 
300 |a 1 recurso electrn̤ico 
500 |a En oposicin̤ al principio de capacidad econm̤ica, es posible que la obligacin̤ tributaria se justifique y cuantifique en funcin̤ de la actividad pb︢lica generada por el contribuyente. Se trata de una lg̤ica conmutativa, propia de la justicia de los intercambios, que trata de establecer una equivalencia entre los dos elementos de la relacin̤, a saber: la obligacin̤ tributaria y la actividad pb︢lica. As,̕ la aplicacin̤ del principio de equivalencia no atiende a la posicin̤ socioeconm̤ica del sujeto dentro de la comunidad, sino que establece una relacin̤ bilateral poder pb︢lico-contribuyente. A fin de realizar un estudio completo de este principio, la estructura de este trabajo presenta tres grandes momentos diferenciados. En primer lugar, en el primer capt̕ulo se ofrece una visin̤ estt̀ica del principio de equivalencia, en la que se pretende ofrecer sus caracters̕ticas definitorias, atendiendo sobre todo a la doctrina hacends̕tica y comparada. Acto seguido, en el segundo capt̕ulo se presenta una visin̤ dinm̀ica, en la que se tratan de abordar los conflictos que pueden existir entre el principio de equivalencia y otros principios jurd̕icos. En particular, se aborda la relacin̤ que ha de existir entre el principio de equivalencia y el de capacidad econm̤ica. Por l︢timo, en los capt̕ulos tercero y cuarto se aborda la aplicacin̤ concreta de este principio en los dos tributos espaǫles en los que se proyecta con mayor intensidad: las tasas y las contribuciones especiales. Dicha proyeccin̤ se refiere tanto a la justificacin̤ de su imposicin̤ como lo que tiene que ver con su cuantificacin̤. En definitiva, en el trabajo se presenta una argumentacin̤ jurd̕ica deductiva, que va de lo ms̀ general a lo particular, de suerte que se ofrece al lector una visin̤ sistemt̀ica y coherente del principio de equivalencia. 
506 1 |a Disponible solo en los productos indicados  |d vLex Global  |d vLex Global (Academic Edition, excluding Law Schools)  |d vLex Global (U.S. Academic Edition, Law Schools)  |d vLex Global (U.S. Academic Edition, excluding Law Schools)  |d vLex Global (Academic Edition, Law Schools) 
650 0 4 |a Derecho Fiscal  |z Espaą 
650 0 4 |a Derecho Tributario  |z Espaą 
650 0 4 |a Financiero  |z Espaą 
740 0 |a vLex Libros (Servicio en ln̕ea) 
856 4 0 |u http://vlex.com/source/principio-de-equivalencia-en-el-sistema-tributario-espa-ol-20982  |z Acceso restringido 
942 |c BOOK 
999 0 |a Tax Law 
999 0 |a Tax Law 
999 0 |a Financial